000 00363nam a2200121Ia 4500
008 200922s9999 xx 000 0 und d
020 _a978-621-406-151-8
100 _aSirug, Winston S.
245 _cWinston P. Sirug
_aMathematics in the modern world/
260 _aManila:
_bMindshapers Co., Inc.
_c2018
300 _ax, 443 pages
_c25 cm.
650 _aMathematics
999 _c364417
_d364417